Sports Quiz

Random Sports or Football Quiz

Lions first-round picks Quiz Stats

 Plays Quiz not verified by Sporcle

Score 0/11 Timer 05:00
0 Plays Today
Year Draft pick % Correct
2010Ndamukong Suh
95.4%
2009Matthew Stafford
94.3%
2007Calvin Johnson
87.9%
2004Roy Williams
77.7%
2005Mike Williams
77%
2002Joey Harrington
60.8%
2003Charles Rogers
52.2%
2006Ernie Sims
47.8%
2001Jeff Backus
28.3%
2008 Gosder Cherilus
27.4%
2000Stockar McDougle
14.6%

You're not logged in!

Compare scores with friends on all Sporcle quizzes.
OR
Log In

Show Comments

Extras

Top Quizzes Today


Score Distribution

Your Account Isn't Verified!

In order to create a playlist on Sporcle, you need to verify the email address you used during registration. Go to your Sporcle Settings to finish the process.

Report this User

Report this user for behavior that violates our Community Guidelines.

Details: